| 000 | 00450nam a22001457a 4500 | ||
|---|---|---|---|
| 022 | _a03635732 | ||
| 082 |
_a624.1762 _bWRE _cL-15, P-73 |
||
| 100 |
_aWrentmore, R.C _943076 |
||
| 245 |
_aAbstract journal in Earthquake Engineering _cWrentmore, R.C |
||
| 260 |
_aCalifornia _bEarthquake Engineering Research Center _c1993 |
||
| 300 |
_axii, 323 p. _bill. _c29 cm. |
||
| 526 |
_a0 _b0 _c0 _d624_176200000000000_WRE |
||
| 650 |
_aMCE _9379 |
||
| 942 |
_2ddc _cBK |
||
| 999 |
_c546878 _d546878 |
||